Qu xiang pu ti de fang fa /

趣向菩提的方法 /
Bibliographic Details
Main Author: Budonghuishizi
Format: Book
Language:Chinese
Published: Taibei Shi : Fo jiao chu ban she : Zeng song zhe Fo tuo jiao yu ji jin hui, Minguo 81 [1992]
Subjects:

MARC

Tag First Indicator Second Indicator Subfields
LEADER 00000cam a2200000Ia 4500
001 in00002050488
005 20151101061709.0
008 980203s1992 ch 000 0 chi d
035 |a (OCoLC)ocm38309786 
040 |a GZM  |c GZM  |d OCLCQ  |d TXA  |d UtOrBLW 
049 |a TXAM 
066 |c $1 
090 |a BQ4023  |b .P838 1992 
100 0 |6 880-01  |a Budonghuishizi. 
245 1 0 |6 880-02  |a Qu xiang pu ti de fang fa /  |c Budonghuishizi bian zhu. 
264 1 |6 880-03  |a Taibei Shi :  |b Fo jiao chu ban she :  |b Zeng song zhe Fo tuo jiao yu ji jin hui,  |c Minguo 81 [1992] 
300 |a 64 pages ;  |c 21 cm. 
336 |a text  |b txt  |2 rdacontent 
337 |a unmediated  |b n  |2 rdamedia 
338 |a volume  |b nc  |2 rdacarrier 
650 0 |a Buddhism  |v Introductions. 
880 0 |6 100-01/$1  |a 不動慧獅子. 
880 1 0 |6 245-02/$1  |a 趣向菩提的方法 /  |c 不動慧獅子編著. 
880 |6 264-03/$1  |a 臺北市 :  |b 佛敎出版社 :  |b 贈送者佛陀敎育基金會,  |c 民國81 [1992] 
910 |a ccs3089 
945 |a TechPro 
946 |a CJK 
947 |a A14832186504 
947 |a A14832186538 
947 |a A14832186326 
947 |a A14832187152 
947 |a A14832185914 
948 |a cataloged  |b h  |c 2005/9/20  |d c  |e kyu  |f 2:41:31 pm 
987 |a PINYIN  |b OCoLC  |c 20010606  |d c  |e 04.15.2001 
994 |a 02  |b TXA 
999 |a MARS 
999 f f |s 374a1d91-90f5-3c83-9911-0df4b6d68c5e  |i 6ff51e84-8dc8-34df-b828-0fbd878503d2  |t 0 
952 f f |p ric  |a Texas A&M University  |b Rellis Campus  |c Joint Library Facility  |s JLF  |d Remote Storage  |t 0  |e BQ4023 .P838 1992  |h Library of Congress classification  |i unmediated -- volume  |m A14832186538 
998 f f |a BQ4023 .P838 1992  |t 0  |l Remote Storage